| 000 | 00906cam a2200265 a 4500 | ||
|---|---|---|---|
| 001 | 000010107 | ||
| 005 | 20200929161839.0 | ||
| 008 | 940517s1990 sp 001 p spa d | ||
| 020 | _a8420604739 | ||
| 035 | _a(DLC) 94159466 | ||
| 035 | _a(OCoLC)25979906 | ||
| 040 |
_aDO-SdBNP _cWyU _dBNPHU |
||
| 082 |
_a861.64 _bH633a |
||
| 100 | 1 |
_aHierro, José, _q(José Hierro del Real), _d1922-2002 _925097 |
|
| 245 | 1 | 0 |
_aAntología poética / _cselección y prólogo de José Olivio Jiménez. |
| 260 |
_aMadrid : _bAlianza, _cc1990. |
||
| 300 |
_a183 p. ; _c18 cm. |
||
| 490 | 1 |
_aLibro de bolsillo _v1473 _aLiteratura |
|
| 650 | 4 |
_aPoesía española _vCOLECCIONES _99198 |
|
| 650 | 4 |
_aLiteratura española _ySIGLO XX _vCOLECCIONES _925098 |
|
| 700 | 1 |
_aJiménez, José Olivio, _epról. _924718 |
|
| 830 | 0 |
_aLibro de bolsillo ; _v1473, _pLiteratura _99889 |
|
| 910 | _aCatalogación por copia / LC | ||
| 049 | _aBNGR | ||
| 999 |
_c9866 _d9866 |
||